000 00883nam a2200229Ii 4500
003 JO-AjNU
008 230605s9999||||xx |||||||||||||| ||und||
017 _a2005/4/2819
020 _a9957-416-07-3
040 _aJO-AjNU
_bara
_erda
_cJO-AjNU
041 _aara
050 1 4 _aKZ6010.W3512.2006
100 3 _a فالنستين ، نرجمة السعد ، سعد فيصل ، دبور ، محمد محمود,
_eauthor
_914714
245 0 0 _aمدخل إلى فهم الصراعات : الحرب والسلام والنظام العالمي
250 _aط1
264 3 1 _aعمان : المركز العلمي للدراسات السياسية ، 2006
300 _a436ص
336 _atext
_btxt
_2rdacontent
337 _aunmediated
_bn
_2rdamedia
338 _avolume
_bnc
_2rdacarrier
650 4 _aتسوية النزاعات -- الصراع الدولي -- السلام
_914715
999 _aA3989
_c7557
_d7557